000 00464nam a2200205Ia 4500
005 20240823022113.0
008 240823s9999||||xx |||||||||||||| ||und||
020 _a81-7141-598-9
041 _aENGLISH
082 _A333.79 P1
100 _aRao D B
245 0 _aEnergy Security
250 _a1st
260 _c2001
_b"Discovery,"
500 _aYES
650 _aEnergy Conversion
_bGeneral
700 _a Harshita D Ed.
942 _cBK
999 _c178369
_d178369